Normal view MARC view
  • Escalera Bourillon, Jeannette Adriana

Entry Nombre Personal

Number of records used in: 9

001 - NUMERO DE CONTROL

  • campo de control: 34663

003 - IDENTIFICADOR DE NUMERO DE CONTROL

  • campo de control: UPN

005 - FECHA Y HORA DE LA ÜLTIMA TRANSACCIÓN

  • campo de control: 20230529100704.0

008 - DATOS DE LONGITUD FIJA

  • campo de control de longitud fija: nabaccnnaabn|||||||||| b |nc|||||d

035 ## - NUMERO DE CONTROL

  • Número de control: UPN11000006770

040 ## - FUENTE DE CATALOGACIÓN

  • Lenguaje de catalogación: SPA
  • Agencia de transcripción: UPN
  • Agencia original de catalogación: MX-MxUPN

100 1# - ENCABEZAMIENTO - NOMBRE PERSONAL

  • Nombre personal: Escalera Bourillon, Jeannette Adriana

370 ## - LUGAR ASOCIADO

  • Associated country: México

372 ## - CAMPO DE ACTIVIDAD

  • Field of activity: Filosofía
  • Field of activity: Pedagogía

373 ## - GRUPO ASOCIADO

  • Associated group: Universidad Pedagógica Nacional (México)
  • Associated group: Sociedad Internacional de Platonistas
  • Associated group: Asociación Iberoamericana de Filosofía Práctica

374 ## - OCUPACIÓN

  • Occupation: Profesora universitaria
  • Occupation: Investigadora

377 ## - LENGUA ASOCIADA

  • Language code: spa

400 1# - VEÁSE - NOMBRE DE PERSONA

  • Personal name: Escalera Bourillon, Jeannette

400 1# - VEÁSE - NOMBRE DE PERSONA

  • Personal name: Bourillon, Jeannette Escalera

400 1# - VEÁSE - NOMBRE DE PERSONA

  • Personal name: Escalera, Jeannette

670 ## - FUENTE EN LA QUE SE LOCALIZARON DATOS

  • Cita de la fuente: T
  • Información localizada: La educación en Platón como proceso de humanización

670 ## - FUENTE EN LA QUE SE LOCALIZARON DATOS

  • Cita de la fuente: Imágenes de viento, mar y luna, 2000:
  • Información localizada: portada (Jeannette Escalera Bourillon) página 9 (Jeannette Escalera)

670 ## - FUENTE EN LA QUE SE LOCALIZARON DATOS

  • Cita de la fuente: En la obra: Ética y estética en la construcción de teoría pedagógica, 2013:
  • Información localizada: portada (Jeannette Escalera Bourillon) solapa delantera (Jeannette Escalera Bourillon es mexicana, es profesora-investigadora de la Universidad Pedagógica Nacional, y ha dedicado más de 30 años a la enseñanza de la Filosofía y la Pedagogía; es licenciada en matemáticas, maestra en Artes Visuales y doctora en Filosofía por la Universidad Nacional Autónoma de México y por la Atantic International University; es miembro activo de la Sociedad Internacional de Platonistas, del Taller de Astronomía Carta del Cielo, y ahora también de la Asociación Iberoamericana de Filosofía Práctica. ha publicado libros, ensayos, poemarios y artículos sobre Filosofía y Pedagogía)

670 ## - FUENTE EN LA QUE SE LOCALIZARON DATOS

  • Cita de la fuente: En Repositorio Institucional Xplora, Universidad pedagógica Nacional, 29 mayo 2023:
  • Información localizada: (ADRIANA JEANNETTE ESCALERA BOURILLON)

680 ## - NOTA PUBLICA DE ACCESO PÚBLICO

  • Frase explicativa de la referencia: Doctora en filosofía por la UNAM y por la Atlantic International University

902 ## - CATALOGADOR

  • Catalogador: MCM/200114

902 ## - CATALOGADOR

  • Catalogador: NDAF/290523